000 01037nam0a22002411i 4500
001 rc\896916
005 20240725224609.0
035 _a(NLR Aleph) 006073092
090 _a5021286
_c5021286
100 _a20041129d1984 u |0rusy50 ca
101 0 _arus
102 _aRU
105 _aa |||||||||
200 1 _aПринципы оптимального функционирования сложных химико-технологических систем
_e(На прим. гибких автоматизир. и энергосберегающих хим. пр-в)
_eАвтореф. дис. на соиск. учен. степ. д-ра техн. наук
_e(05.13.06)
210 _aМ.
_d1984
215 _a36 с.
_cграф.
300 _aВ надзаг.: Моск. хим.-технол. ин-т им. Д.И. Менделеева
320 _aБиблиогр.: с. 32-36 (35 назв.)
700 0 _aНгуен Суан Нгуен
801 0 _aRU
_bNLR
_gpsbo
801 1 _aRU
_bELAR
_2rusmarc
852 _aNLR
_j86-4/7608
942 _cBOOK